00323 2200145 4500245004300000250001100043100001600054650001600070650001700086005001900103260001800122041001400140084001400154336000900168 aChapters of My LifecGRand DekcohText aCet. 1 aGRand Dekco aKarya Siswa aAutobiografi a20250520093726 aJakartac2025 aIndonesia a081 GRA c atext